[Event "Niteroi op 4th"]
[Site "Niteroi"]
[Date "2024.08.30"]
[Round "4"]
[White "Baptista, Andre Kemper"]
[Black "Costa, Carlos Evanir"]
[Result "0-1"]
[WhiteElo "1913"]
[BlackElo "2190"]
[PlyCount "72"]
[EventDate "2024.08.28"]
[EventType "swiss"]
[EventRounds "7"]
[EventCountry "BRA"]
[SourceTitle "CBM 221 Extra"]
[Source "ChessBase"]
[SourceDate "2024.09.30"]
[SourceVersion "1"]
[SourceVersionDate "2024.09.30"]
[SourceQuality "1"]

1. e4 c5 2. Nf3 d6 3. d3 Nc6 4. g3 g6 5. Bg2 Bg7 6. 0-0 e5 7. Nbd2 Nge7 8. a4 0-0 9. Nc4 h6 10. c3 Be6 11. Be3 b6 12. Nfd2 d5 13. exd5 Bxd5 14. Bxd5 Qxd5 15. Qe2 Rfd8 16. f4 Qxd3 17. Qxd3 Rxd3 18. fxe5 Nxe5 19. Nxe5 Bxe5 20. Nc4 Bg7 21. Rae1 Nf5 22. Bf4 h5 23. Re4 Rad8 24. Rfe1 Rd1 25. Re8+ Rxe8 26. Rxd1 Re4 27. Rd8+ Kh7 28. Nd2 Rxa4 29. Rd7 Kg8 30. Bb8 Ra1+ 31. Kf2 Ra2 32. Bxa7 Rxb2 33. Kf3 Bxc3 34. Nc4 Rxh2 35. Bxb6 Bd4 36. Rc7 Rf2+ 0-1

[Event "Tijuca Tenis Clube op 3rd"]
[Site "Rio de Janeiro"]
[Date "2017.09.22"]
[Round "2"]
[White "Costa, Carlos Evanir"]
[Black "Bezerra, Natacio Goncalves"]
[Result "1-0"]
[WhiteElo "2218"]
[BlackElo "1996"]
[PlyCount "67"]
[EventDate "2017.09.21"]
[EventType "swiss"]
[EventRounds "6"]
[EventCountry "BRA"]
[SourceTitle "EXT 2019"]
[Source "ChessBase"]
[SourceDate "2018.10.10"]
[SourceVersion "1"]
[SourceVersionDate "2018.10.10"]
[SourceQuality "1"]

1. Nf3 Nf6 2. c4 c6 3. d4 d5 4. e3 Bf5 5. Nc3 e6 6. h3 Nbd7 7. g4 Bg6 8. Nh4 Ne4 9. Nxg6 Nxc3 10. bxc3 hxg6 11. Qb3 Qc7 12. Rb1 Rb8 13. cxd5 cxd5 14. c4 a6 15. cxd5 Qa5+ 16. Bd2 Qxd5 17. Qxd5 exd5 18. a4 Ke7 19. Bd3 Ke6 20. Ke2 f5 21. g5 Bd6 22. f4 Rhc8 23. Rb3 Rc7 24. Rhb1 Rh8 25. Rxb7 Rxh3 26. Rxc7 Rh2+ 27. Kd1 Bxc7 28. Bxa6 Nb6 29. Rb4 Nd7 30. Rb7 Kd6 31. Bb5 Rh1+ 32. Kc2 Rh2 33. Kd3 Nb6 34. Bb4+ 1-0

[Event "Rio de Janeiro CXG op 1st"]
[Site "Rio de Janeiro"]
[Date "2017.03.25"]
[Round "2"]
[White "Torres, Eduardo Lisboa"]
[Black "Costa, Carlos Evanir"]
[Result "0-1"]
[WhiteElo "1945"]
[BlackElo "2210"]
[PlyCount "58"]
[EventDate "2017.03.25"]
[EventType "swiss"]
[EventRounds "6"]
[EventCountry "BRA"]
[SourceTitle "CBM 177 Extra"]
[Source "ChessBase"]
[SourceDate "2017.04.27"]
[SourceVersion "1"]
[SourceVersionDate "2017.04.27"]
[SourceQuality "1"]

1. d4 d5 2. c4 c6 3. cxd5 cxd5 4. Nc3 Nf6 5. Bf4 a6 6. e3 Nc6 7. Bd3 e6 8. a3 Bd6 9. Bxd6 Qxd6 10. f4 0-0 11. Nf3 Bd7 12. g4 Nxg4 13. Ne5 Nxe3 14. Qh5 Nf5 15. Bxf5 exf5 16. 0-0-0 f6 17. Nxd7 Qxd7 18. Qf3 Rfd8 19. Rhe1 b5 20. Re3 Rab8 21. Ne2 a5 22. b3 b4 23. a4 Re8 24. Rdd3 Re4 25. Qh3 Rbe8 26. Kd2 g6 27. Qf3 Qe6 28. Ng3 Nxd4 29. Qf2 Rxe3 0-1

[Event "Florianopolis op 3rd"]
[Site "Florianopolis"]
[Date "2017.01.22"]
[Round "4"]
[White "Torres, Eduardo Lisboa"]
[Black "Costa, Carlos Evanir"]
[Result "0-1"]
[WhiteElo "1929"]
[BlackElo "2204"]
[PlyCount "84"]
[EventDate "2017.01.20"]
[EventType "swiss"]
[EventRounds "10"]
[EventCountry "BRA"]
[SourceTitle "CBM 176 Extra"]
[Source "ChessBase"]
[SourceDate "2017.03.02"]
[SourceVersion "1"]
[SourceVersionDate "2017.03.02"]
[SourceQuality "1"]

1. d4 Nf6 2. c4 e6 3. Nc3 Bb4 4. e3 0-0 5. Nge2 d5 6. a3 Be7 7. Ng3 b6 8. cxd5 exd5 9. Bd3 Re8 10. b4 c5 11. bxc5 bxc5 12. Bb5 Bd7 13. Bxd7 Qxd7 14. 0-0 c4 15. a4 Bb4 16. Qc2 Nc6 17. Rb1 Rab8 18. Bd2 g6 19. h3 a6 20. Nce2 a5 21. f4 h5 22. f5 Bxd2 23. Qxd2 Rxb1 24. Rxb1 h4 25. fxg6 hxg3 26. gxf7+ Qxf7 27. Nxg3 Qg6 28. Rf1 Qxg3 29. Rxf6 Rxe3 30. Rg6+ Qxg6 31. Qxe3 Qe4 32. Qg5+ Kf7 33. Qh5+ Ke7 34. Qg5+ Kd7 35. Kh2 Qxd4 36. Qf5+ Kc7 37. Qh7+ Kd6 38. Qh6+ Kc5 39. Qf8+ Kb6 40. Qf1 Qd3 41. Qf2+ d4 42. Qe1 c3 0-1

[Event "Curitiba op"]
[Site "Curitiba"]
[Date "2016.04.22"]
[Round "3"]
[White "Costa, Carlos Evanir"]
[Black "Rothebarth, Ana Vitoria de Paul"]
[Result "1-0"]
[WhiteElo "2175"]
[BlackElo "2058"]
[PlyCount "55"]
[EventDate "2016.04.21"]
[EventType "swiss"]
[EventRounds "7"]
[EventCountry "BRA"]
[SourceTitle "CBM 172 Extra"]
[Source "ChessBase"]
[SourceDate "2016.06.21"]
[SourceVersion "1"]
[SourceVersionDate "2016.06.21"]
[SourceQuality "1"]

1. d4 Nf6 2. c4 e6 3. g3 d5 4. Nf3 dxc4 5. Qa4+ Nbd7 6. Bg2 a6 7. Qxc4 b5 8. Qc2 Bb7 9. Nc3 c5 10. 0-0 Rc8 11. Qd1 cxd4 12. Nxd4 Bxg2 13. Kxg2 Bb4 14. a4 Bxc3 15. bxc3 Qb6 16. axb5 axb5 17. Qb3 0-0 18. Ba3 Rfd8 19. Be7 Nc5 20. Qxb5 Qxb5 21. Nxb5 Rd5 22. c4 Rh5 23. Nd6 Rb8 24. Rfb1 Nfd7 25. Rxb8+ Nxb8 26. Ra8 Ncd7 27. Nb5 f6 28. Bd6 1-0

[Event "Rio de Janeiro Guanabara op 5th"]
[Site "Rio de Janeiro"]
[Date "2014.11.08"]
[Round "2"]
[White "Costa, Carlos Evanir"]
[Black "Zacarias, Rodrigo Medeiros"]
[Result "1/2-1/2"]
[WhiteElo "2228"]
[BlackElo "2123"]
[PlyCount "62"]
[EventDate "2014.11.08"]
[EventType "swiss"]
[EventRounds "6"]
[EventCountry "BRA"]
[SourceTitle "EXT 2018"]
[Source "ChessBase"]
[SourceDate "2017.10.13"]
[SourceVersion "1"]
[SourceVersionDate "2017.10.13"]
[SourceQuality "1"]

1. Nf3 d5 2. d4 Nf6 3. c4 c6 4. Nc3 e6 5. e3 Nbd7 6. Qc2 Bd6 7. Bd3 0-0 8. 0-0 dxc4 9. Bxc4 e5 10. h3 exd4 11. exd4 Nb6 12. Bb3 h6 13. Re1 Nbd5 14. Nxd5 Nxd5 15. Bxd5 cxd5 16. Bd2 Qb6 17. Re3 Be6 18. Rae1 Rfc8 19. Qb1 Bd7 20. Rb3 Qa6 21. Ne5 Ba4 22. Rg3 Bxe5 23. Rxe5 Bc2 24. Qe1 Bg6 25. a3 Qc6 26. Rc3 Qb5 27. Qc1 Rxc3 28. Qxc3 Re8 29. Qc5 Qxc5 30. Rxe8+ Qf8 31. Rxf8+ Kxf8 1/2-1/2

[Event "Rio de Janeiro Guanabara op 2nd"]
[Site "Rio de Janeiro"]
[Date "2014.03.29"]
[Round "3"]
[White "Rodi, Luis Ernesto"]
[Black "Costa, Carlos Evanir"]
[Result "1-0"]
[WhiteElo "2362"]
[BlackElo "2229"]
[PlyCount "65"]
[EventDate "2014.03.15"]
[EventType "swiss"]
[EventRounds "6"]
[EventCountry "BRA"]
[SourceTitle "EXT 2018"]
[Source "ChessBase"]
[SourceDate "2017.10.13"]
[SourceVersion "1"]
[SourceVersionDate "2017.10.13"]
[SourceQuality "1"]

1. d4 d5 2. c4 e6 3. Nc3 c6 4. e3 Nf6 5. Nf3 Nbd7 6. Qc2 Bd6 7. h3 0-0 8. g4 dxc4 9. Bxc4 e5 10. g5 Nd5 11. Ne4 Bc7 12. Bd2 exd4 13. Nxd4 Ne5 14. Be2 Bb6 15. 0-0-0 Bxd4 16. exd4 Ng6 17. h4 Ngf4 18. Bf3 b6 19. Ng3 Qd6 20. Be4 g6 21. Kb1 Bg4 22. Rde1 f5 23. gxf6 Rxf6 24. f3 Be6 25. h5 Bf7 26. hxg6 Bxg6 27. Bxg6 Rxg6 28. Nf5 Qf6 29. Bxf4 Nxf4 30. Ne7+ Kg7 31. Nxg6 Nxg6 32. d5 Rc8 33. Re6 1-0

[Event "Rio de Janeiro Verao op"]
[Site "Rio de Janeiro"]
[Date "2014.01.12"]
[Round "2"]
[White "Costa, Carlos Evanir"]
[Black "Noseda, Francesco"]
[Result "0-1"]
[WhiteElo "2240"]
[BlackElo "1962"]
[PlyCount "114"]
[EventDate "2014.01.10"]
[EventType "swiss"]
[EventRounds "7"]
[EventCountry "BRA"]
[SourceTitle "CBM 158 Extra"]
[Source "ChessBase"]
[SourceDate "2014.02.28"]
[SourceVersion "1"]
[SourceVersionDate "2014.02.28"]
[SourceQuality "1"]

1. d4 Nf6 2. Nf3 d5 3. c4 e6 4. g3 Be7 5. Bg2 0-0 6. 0-0 dxc4 7. Qc2 c5 8. Rd1 Nc6 9. dxc5 Qa5 10. Qxc4 Qxc5 11. Qxc5 Bxc5 12. Nc3 e5 13. Bg5 Bf5 14. Bxf6 gxf6 15. Nd5 Kg7 16. Rac1 Bd4 17. Nxd4 Nxd4 18. Kf1 Nc6 19. b4 Rad8 20. a3 Be6 21. b5 Nd4 22. Nc7 Bg4 23. f3 Bf5 24. Kf2 b6 25. e3 Nb3 26. Rxd8 Rxd8 27. Rc3 Nc5 28. e4 Be6 29. Ke3 Kf8 30. Nxe6+ fxe6 31. Bf1 Rd1 32. Be2 Rh1 33. h4 Rh3 34. Kf2 Rh2+ 35. Kf1 Rh1+ 36. Kf2 Rb1 37. Ke3 Rb3 38. Rxb3 Nxb3 39. f4 exf4+ 40. gxf4 e5 41. fxe5 fxe5 42. Bc4 Nd4 43. Kd3 Ke7 44. Kc3 Kd6 45. Kb4 Nf3 46. Bg8 h6 47. h5 Ng5 48. Bd5 Ke7 49. Bc6 Nh7 50. Kc4 Nf6 51. Bb7 Kd6 52. a4 Nxh5 53. Bc8 Nf4 54. Bg4 h5 55. Bf3 h4 56. Bg4 h3 57. Bf3 h2 0-1

[Event "Guanabara op 2nd"]
[Site "Rio de Janeiro"]
[Date "2013.05.04"]
[Round "5"]
[White "Maia, Marco Aurelio Ferre"]
[Black "Costa, Carlos Evanir"]
[Result "0-1"]
[WhiteElo "2128"]
[BlackElo "2237"]
[PlyCount "80"]
[EventDate "2013.04.06"]
[EventType "swiss"]
[EventRounds "6"]
[EventCountry "BRA"]
[SourceTitle "EXT 2015"]
[Source "ChessBase"]
[SourceDate "2014.11.20"]
[SourceVersion "1"]
[SourceVersionDate "2014.11.20"]
[SourceQuality "1"]

1. d4 Nf6 2. c4 e6 3. Nc3 Bb4 4. e3 0-0 5. Bd3 d5 6. a3 dxc4 7. Bxc4 Bd6 8. e4 e5 9. d5 c6 10. f3 cxd5 11. Nxd5 Nxd5 12. Bxd5 Bc5 13. g3 Qb6 14. Kf1 Nc6 15. Kg2 Be6 16. Ne2 Rad8 17. b4 Bd4 18. Nxd4 Nxd4 19. Bxe6 Qxe6 20. Qa4 Nb3 21. Be3 Nxa1 22. Rxa1 a6 23. Qc2 Rc8 24. Qb2 Rc6 25. Rd1 Rfc8 26. Rd2 f6 27. g4 Qc4 28. Bc5 b6 29. Bf2 h6 30. h4 Kh7 31. h5 Qc3 32. Qxc3 Rxc3 33. Bxb6 Rxa3 34. Bc5 a5 35. Rb2 Ra4 36. Bd6 Rc6 37. Be7 axb4 38. Rxb4 Ra2+ 39. Kg3 Rcc2 40. f4 Rc3+ 0-1

[Event "Guanabara op 2nd"]
[Site "Rio de Janeiro"]
[Date "2013.04.13"]
[Round "2"]
[White "Canella, Pedro Barbosa"]
[Black "Costa, Carlos Evanir"]
[Result "0-1"]
[WhiteElo "1952"]
[BlackElo "2237"]
[PlyCount "112"]
[EventDate "2013.04.06"]
[EventType "swiss"]
[EventRounds "6"]
[EventCountry "BRA"]
[SourceTitle "EXT 2015"]
[Source "ChessBase"]
[SourceDate "2014.11.20"]
[SourceVersion "1"]
[SourceVersionDate "2014.11.20"]
[SourceQuality "1"]

1. e4 c5 2. Nf3 e6 3. d3 Nc6 4. g3 Nge7 5. Bg2 g6 6. 0-0 Bg7 7. Re1 d5 8. exd5 Nxd5 9. Na3 0-0 10. Nc4 Qc7 11. a4 b6 12. Bd2 Bb7 13. Qc1 Rfe8 14. Ne3 Nxe3 15. Bxe3 Rad8 16. Bf4 e5 17. Bg5 f6 18. Bh6 Nb4 19. Bxg7 Kxg7 20. Nd2 Bxg2 21. Kxg2 Qc6+ 22. f3 f5 23. Nc4 e4 24. dxe4 fxe4 25. f4 e3+ 26. Kg1 e2 27. Kf2 Qe4 28. Ne3 Rd3 29. Rxe2 Rxe3 30. Qxe3 Qxe3+ 31. Rxe3 Rxe3 32. c3 Re4 33. cxb4 Rxb4 34. Ra2 Kf6 35. Ke3 Kf5 36. Kd3 h5 37. Kc3 h4 38. gxh4 Rxf4 39. b3 Rxh4 40. Kd3 g5 41. Rb2 Rb4 42. Rf2+ Rf4 43. Rb2 Kg4 44. Rg2+ Kh4 45. Re2 Rb4 46. Kc3 a5 47. Ra2 Kh3 48. Rb2 c4 49. Rc2 cxb3 50. Rb2 g4 51. Rxb3 Rxb3+ 52. Kxb3 Kxh2 53. Kc4 g3 54. Kb5 g2 55. Kxb6 g1Q+ 56. Kxa5 Qa7+ 0-1

[Event "Rio de Janeiro Verao op"]
[Site "Rio de Janeiro"]
[Date "2013.03.17"]
[Round "3"]
[White "Cabral, Paulo Eduardo Carva"]
[Black "Costa, Carlos Evanir"]
[Result "1/2-1/2"]
[WhiteElo "2094"]
[BlackElo "2230"]
[PlyCount "53"]
[EventDate "2013.03.01"]
[EventType "swiss"]
[EventRounds "7"]
[EventCountry "BRA"]
[SourceTitle "EXT 2014"]
[Source "ChessBase"]
[SourceDate "2013.11.20"]
[SourceVersion "1"]
[SourceVersionDate "2013.11.20"]
[SourceQuality "1"]

1. d4 Nf6 2. Nc3 d5 3. Bg5 Bf5 4. f3 c5 5. Bxf6 exf6 6. e4 cxd4 7. Nxd5 Nc6 8. Bc4 Be6 9. Ne2 Bc5 10. a3 a6 11. b4 Ba7 12. Nef4 Qd6 13. Bd3 Rc8 14. 0-0 0-0 15. Qe1 Ne5 16. Qg3 Bxd5 17. Nxd5 Rfd8 18. f4 Nxd3 19. cxd3 Rc2 20. Qg4 Rdc8 21. Rad1 Bb8 22. Qf5 R8c6 23. Qh5 g6 24. Qh6 Qf8 25. Qh4 Qd6 26. Qh6 Qf8 27. Qh4 1/2-1/2

[Event "Rio de Janeiro Borensztajn op 1st"]
[Site "Rio de Janeiro"]
[Date "2012.06.23"]
[Round "5"]
[White "Costa, Carlos Evanir"]
[Black "De Carvalho, Jose Jorge"]
[Result "1-0"]
[WhiteElo "2223"]
[BlackElo "2181"]
[PlyCount "47"]
[EventDate "2012.06.17"]
[EventType "swiss"]
[EventRounds "7"]
[EventCountry "BRA"]
[SourceTitle "CBM 149 Extra"]
[Source "ChessBase"]
[SourceDate "2012.08.24"]
[SourceVersion "1"]
[SourceVersionDate "2012.08.24"]
[SourceQuality "1"]

1. d4 d5 2. c4 c6 3. Nc3 e6 4. e4 dxe4 5. Nxe4 Bb4+ 6. Bd2 Qxd4 7. Bxb4 Qxe4+ 8. Be2 Na6 9. Ba5 b6 10. Bc3 f6 11. Nf3 e5 12. 0-0 Ne7 13. Nxe5 fxe5 14. Bh5+ g6 15. Re1 Qh4 16. Bf3 0-0 17. Re4 Qf6 18. Rxe5 Be6 19. Re4 Qf5 20. Qd4 Kf7 21. Rf4 Nc5 22. Rxf5+ Nxf5 23. Qf6+ Kg8 24. Qh8+ 1-0

[Event "Rio de Janeiro Borensztajn op 1st"]
[Site "Rio de Janeiro"]
[Date "2012.06.23"]
[Round "4"]
[White "Rodi, Luis Ernesto"]
[Black "Costa, Carlos Evanir"]
[Result "1-0"]
[WhiteElo "2358"]
[BlackElo "2223"]
[PlyCount "97"]
[EventDate "2012.06.17"]
[EventType "swiss"]
[EventRounds "7"]
[EventCountry "BRA"]
[SourceTitle "CBM 149 Extra"]
[Source "ChessBase"]
[SourceDate "2012.08.24"]
[SourceVersion "1"]
[SourceVersionDate "2012.08.24"]
[SourceQuality "1"]

1. e4 c5 2. Nc3 e6 3. Nf3 a6 4. g3 b5 5. Bg2 Bb7 6. d4 b4 7. Na4 Bxe4 8. Nxc5 Bc6 9. 0-0 Nf6 10. Re1 Be7 11. a3 a5 12. Bd2 Qb6 13. axb4 axb4 14. Be3 Nd5 15. Qd2 0-0 16. Ne5 Rxa1 17. Rxa1 Nxe3 18. Bxc6 Nc4 19. Nxc4 Qxc6 20. Qxb4 d6 21. Nd3 h5 22. Ne3 Bg5 23. Qd2 h4 24. gxh4 Bxh4 25. d5 exd5 26. Nb4 Qb5 27. Nexd5 Nd7 28. Qf4 Ne5 29. Ra3 Ng6 30. Qf3 Re8 31. Re3 Rxe3 32. Qxe3 Qd7 33. Qe4 Qh3 34. Nd3 Bg5 35. Ne3 Nh4 36. Ne1 f5 37. Qe8+ Kh7 38. Qh5+ Bh6 39. Nxf5 Qxf5 40. Qxh4 Qe5 41. Nd3 Qe2 42. Qc4 Qf3 43. Ne1 Qf6 44. Qe4+ g6 45. b4 Qg5+ 46. Kf1 d5 47. Qf3 Qd2 48. b5 Qb4 49. Qxd5 1-0

[Event "Rio de Janeiro Borensztajn op 1st"]
[Site "Rio de Janeiro"]
[Date "2012.06.17"]
[Round "1"]
[White "Costa, Carlos Evanir"]
[Black "Borensztajn, David"]
[Result "1-0"]
[WhiteElo "2223"]
[BlackElo "1938"]
[PlyCount "75"]
[EventDate "2012.06.17"]
[EventType "swiss"]
[EventRounds "7"]
[EventCountry "BRA"]
[SourceTitle "CBM 149 Extra"]
[Source "ChessBase"]
[SourceDate "2012.08.24"]
[SourceVersion "1"]
[SourceVersionDate "2012.08.24"]
[SourceQuality "1"]

1. d4 f5 2. g3 Nf6 3. Bg2 d6 4. c4 e6 5. Nc3 Be7 6. Nh3 0-0 7. 0-0 Qe8 8. Qc2 Nc6 9. d5 Nb4 10. Qb3 Na6 11. dxe6 Nc5 12. Qc2 c6 13. Ng5 h6 14. Nf3 Bxe6 15. b3 Qh5 16. Nd4 Bd7 17. b4 Nce4 18. Bb2 d5 19. f3 Nxc3 20. Qxc3 dxc4 21. Qxc4+ Kh7 22. Nc2 Rad8 23. Rad1 Nd5 24. e4 fxe4 25. fxe4 Rxf1+ 26. Rxf1 Nf6 27. e5 Nd5 28. Qe4+ Qg6 29. Qxg6+ Kxg6 30. Be4+ Kh5 31. Rf7 Bf8 32. Kg2 Be6 33. Rf2 Nxb4 34. Nd4 Bd5 35. Bxd5 Nxd5 36. Ne6 Ne3+ 37. Kf3 Rd3 38. Nf4+ 1-0

[Event "Fortaleza Brazil op 2nd"]
[Site "Fortaleza"]
[Date "2012.04.07"]
[Round "5"]
[White "Costa, Carlos Evanir"]
[Black "De Lima, Jose Sampaio"]
[Result "1-0"]
[WhiteElo "2217"]
[BlackElo "2045"]
[PlyCount "111"]
[EventDate "2012.04.05"]
[EventType "swiss"]
[EventRounds "7"]
[EventCountry "BRA"]
[SourceTitle "CBM 147 Extra"]
[Source "ChessBase"]
[SourceDate "2012.04.24"]
[SourceVersion "1"]
[SourceVersionDate "2012.04.24"]
[SourceQuality "1"]

1. e4 c5 2. Nf3 d6 3. d4 cxd4 4. Nxd4 Nf6 5. Nc3 a6 6. Be3 e5 7. Nb3 Be6 8. Qd2 Be7 9. f3 b5 10. 0-0-0 Nbd7 11. g4 Nb6 12. Bxb6 Qxb6 13. Nd5 Bxd5 14. exd5 h6 15. h4 a5 16. Kb1 Nd7 17. Bd3 a4 18. Nc1 b4 19. g5 a3 20. b3 Qd4 21. c3 bxc3 22. Qc2 Qb4 23. g6 0-0 24. Bf5 Nc5 25. Nd3 Nxd3 26. Rxd3 fxg6 27. Be6+ Kh8 28. Rxc3 e4 29. Rc4 Qb6 30. Rc6 Qd4 31. Rc4 Qb6 32. Rc6 Qa5 33. Qxe4 Qd2 34. Rc2 Qf4 35. Qxg6 Rf6 36. Qg4 Qxf3 37. Qxf3 Rxf3 38. h5 Bg5 39. Re1 Bf4 40. Rd1 Be5 41. Rdc1 g5 42. hxg6 Kg7 43. Rg2 Rg3 44. Rxg3 Bxg3 45. Rg1 Be5 46. Kc2 Rb8 47. Rg2 h5 48. Kd3 Rb4 49. Ke3 Rh4 50. Bf5 Rf4 51. Be4 Rf1 52. Rc2 Kh6 53. Rc7 Bg7 54. Rf7 Ra1 55. Rf2 Bd4+ 56. Kxd4 1-0

[Event "Fortaleza Brazil op 2nd"]
[Site "Fortaleza"]
[Date "2012.04.06"]
[Round "2"]
[White "Araujo Frota, Rewbenio"]
[Black "Costa, Carlos Evanir"]
[Result "0-1"]
[WhiteElo "1975"]
[BlackElo "2217"]
[PlyCount "44"]
[EventDate "2012.04.05"]
[EventType "swiss"]
[EventRounds "7"]
[EventCountry "BRA"]
[SourceTitle "CBM 147 Extra"]
[Source "ChessBase"]
[SourceDate "2012.04.24"]
[SourceVersion "1"]
[SourceVersionDate "2012.04.24"]
[SourceQuality "1"]

1. c4 Nf6 2. Nf3 g6 3. g3 b6 4. Bg2 Bb7 5. Nc3 c5 6. 0-0 Bg7 7. e3 Qc8 8. Qe2 d5 9. Ne5 dxc4 10. Qxc4 0-0 11. b4 Bxg2 12. Kxg2 cxb4 13. Qxb4 Nc6 14. Nxc6 Qxc6+ 15. f3 Rac8 16. Bb2 Rfd8 17. Nb5 a5 18. Qb3 Rxd2+ 19. Rf2 Rxf2+ 20. Kxf2 a4 21. Qb4 Nd5 22. Na7 Qc2+ 0-1

[Event "Natal Potiguar op"]
[Site "Natal"]
[Date "2011.08.20"]
[Round "4"]
[White "Costa, Carlos Evanir"]
[Black "Jordao Barbosa, Marcio Ferre"]
[Result "0-1"]
[WhiteElo "2194"]
[BlackElo "1818"]
[PlyCount "126"]
[EventDate "2011.08.19"]
[EventType "swiss"]
[EventRounds "6"]
[EventCountry "BRA"]
[SourceTitle "EXT 2014"]
[Source "ChessBase"]
[SourceDate "2013.11.20"]
[SourceVersion "1"]
[SourceVersionDate "2013.11.20"]
[SourceQuality "1"]

1. c4 c5 2. Nc3 Nf6 3. g3 d5 4. cxd5 Nxd5 5. Bg2 Nc7 6. d3 e5 7. Be3 Ne6 8. Rc1 Nc6 9. Nf3 Bd7 10. 0-0 Rc8 11. Nd2 Ned4 12. f4 exf4 13. Bxf4 Bg4 14. Nde4 Be7 15. Qd2 0-0 16. h3 Bh5 17. e3 Ne6 18. Nd5 b6 19. Nxe7+ Nxe7 20. g4 Bg6 21. Bg3 Bxe4 22. Bxe4 Qd7 23. Rcd1 Ng5 24. Bg2 f6 25. Qe2 Nc6 26. h4 Nf7 27. Rf4 Rfe8 28. Be4 Qe7 29. d4 cxd4 30. exd4 Nb4 31. Re1 Kh8 32. Qf2 Nd6 33. Bf5 Qxe1+ 34. Qxe1 Rxe1+ 35. Bxe1 Rc1 36. Rf1 Nxf5 37. Bxb4 Rxf1+ 38. Kxf1 Nxd4 39. Kf2 Kg8 40. Bd6 Kf7 41. Ke3 Nc6 42. b4 Ke6 43. Bf8 g6 44. b5 Ne5 45. g5 fxg5 46. hxg5 Nf7 47. Kf4 Kd5 48. Be7 Kc4 49. Ke4 Kxb5 50. Kd5 Ka4 51. Ke6 Nxg5+ 52. Bxg5 Ka3 53. Kd5 Kxa2 54. Kc4 a5 55. Bd8 a4 56. Bxb6 a3 57. Kb4 g5 58. Be3 g4 59. Bf2 h5 60. Bg3 Kb2 61. Be5+ Kc2 62. Kxa3 Kd2 63. Bg3 Ke2 0-1